Statistics for Countries Least Similar To Indonesia

Click here to take the quiz!

General Stats

  • This quiz has been taken 27 times
  • The average score is 14 of 20

Answer Stats

RankCountryScore% Correct
1Canada40.7
96%
15United Kingdom46.1
96%
11Germany45.0
91%
6Sweden43.7
91%
3United States42.2
91%
3Iceland42.2
87%
10Netherlands44.8
87%
7Norway43.9
87%
8Denmark44.0
83%
5Finland43.6
83%
17Ireland46.5
78%
19Australia46.7
70%
11Belgium45.0
65%
13Austria45.9
57%
9Luxembourg44.2
52%
20Estonia47.3
48%
14New Zealand46.0
48%
2Switzerland42.1
43%
18Czech Republic46.6
30%
15Israel46.1
22%

Score Distribution

Percentile by Number Answered

Percent of People with Each Score

Your Score History

You have not taken this quiz